Role of modified Chitosan on Rice (Brri Dhan29) cultivation in Saline soil / (Record no. 14349)

MARC details
000 -LEADER
fixed length control field 01037nam a22002897a 4500
001 - CONTROL NUMBER
control field BD-DhSAU 9032
003 - CONTROL NUMBER IDENTIFIER
control field BD-DhSAU
005 - DATE AND TIME OF LATEST TRANSACTION
control field 20190110094553.0
008 - FIXED-LENGTH DATA ELEMENTS--GENERAL INFORMATION
fixed length control field 150612b2015 bg a||||r|||| 000 0 eng d
040 ## - CATALOGING SOURCE
Original cataloging agency BD-DhSAU
082 ## - DEWEY DECIMAL CLASSIFICATION NUMBER
Edition number 22
Classification number 631.4
Item number Sh68
100 ## - MAIN ENTRY--PERSONAL NAME
Personal name Shithy , Samiha Marzan
Relator code Registration No: 15-06916
245 ## - TITLE STATEMENT
Title Role of modified Chitosan on Rice (Brri Dhan29) cultivation in Saline soil /
Statement of responsibility, etc. Shithy , Samiha Marzan
Remainder of title Ms Thesis
260 ## - PUBLICATION, DISTRIBUTION, ETC. (IMPRINT)
Place of publication, distribution, etc. Sher-e- Bangla Agricultural University :
Name of publisher, distributor, etc. Department of Soil science,
Date of publication, distribution, etc. 2015.
300 ## - PHYSICAL DESCRIPTION
Extent x , 81 p. :
Other physical details ill. ,
Dimensions 30 cm.
504 ## - BIBLIOGRAPHY, ETC. NOTE
Bibliography, etc Includes bibliographical references.
590 ## - Name of Cataloguer
Name of Cataloger Shofi
650 ## - SUBJECT ADDED ENTRY--TOPICAL TERM
Topical term or geographic name as entry element Soil science
650 ## - SUBJECT ADDED ENTRY--TOPICAL TERM
Topical term or geographic name as entry element Role of modified Chitosan
650 ## - SUBJECT ADDED ENTRY--TOPICAL TERM
Topical term or geographic name as entry element Rice (Brri Dhan29)
650 ## - SUBJECT ADDED ENTRY--TOPICAL TERM
Topical term or geographic name as entry element Cultivation
650 ## - SUBJECT ADDED ENTRY--TOPICAL TERM
Topical term or geographic name as entry element Saline soil
700 ## - ADDED ENTRY--PERSONAL NAME
Personal name Bari , A.S.M. Fazle
Relator term Supervisor
700 ## - ADDED ENTRY--PERSONAL NAME
Personal name Issak , Mohammad
Relator term Co-Supervisor
856 ## - ELECTRONIC LOCATION AND ACCESS
Uniform Resource Identifier <a href="http://archive.saulibrary.edu.bd:8080/xmlui/handle/123456789/1388">http://archive.saulibrary.edu.bd:8080/xmlui/handle/123456789/1388</a>
Link text Online Access
942 ## - ADDED ENTRY ELEMENTS (KOHA)
Source of classification or shelving scheme Dewey Decimal Classification
Koha item type MS Level Thesis
Holdings
Withdrawn status Lost status Source of classification or shelving scheme Damaged status Not for loan Collection code Home library Branch Name Date acquired Total Checkouts Full call number Barcode Date last seen Price effective from Koha item type
    Dewey Decimal Classification   Not For Loan Reference SAU Library SAU Library 05/08/2018   631.4 Sh68 40846 23/09/2018 23/09/2018 MS Level Thesis